000 00248nam a2200097Ia 4500
005 20251222114341.0
008 251222s1900||||xx |||||||||||||| ||spa||
082 _aDVD0112/D31/2005/Ej.2
245 0 _aBoo: lugares lejanos:Boo: faraway places
942 _cDVD
999 _c851
_d851